Memorie del Dipartimento di giurisprudenza dell'Università degli studi di Torino
| Corporate Author: | |
|---|---|
| Format: | Print Series/Journal |
| Language: | Italian |
| Published: |
Torino
G. Giappichelli
2024-
Napoli Jovene 1996-2014 Milano Ledizioni früher Napoli Edizioni scientifiche italiane früher |
| In: | Year: 1996 |
| Check availability: | HBZ Gateway |
| Volumes / Articles: | Show volumes/articles. |
| Keywords: |
MARC
| LEADER | 00000cas a2200000 c 4500 | ||
|---|---|---|---|
| 001 | 833552139 | ||
| 003 | DE-627 | ||
| 005 | 20251024180221.0 | ||
| 007 | tu | ||
| 008 | 150820c19969999it z| m| 0 |0ita c | ||
| 016 | 7 | |a 1075617413 |2 DE-101 | |
| 016 | 7 | |a 2832187-X |2 DE-600 | |
| 035 | |a (DE-627)833552139 | ||
| 035 | |a (DE-576)062322206 | ||
| 035 | |a (DE-599)ZDB2832187-X | ||
| 035 | |a (OCoLC)981710549 | ||
| 040 | |a DE-627 |b ger |c DE-627 |e rakwb | ||
| 041 | |a ita | ||
| 044 | |c XA-IT | ||
| 082 | 0 | 4 | |a 340 |q DE-600 |
| 245 | 0 | 0 | |a Memorie del Dipartimento di giurisprudenza dell'Università degli studi di Torino |
| 246 | 1 | |i Nebent. |a Memorie del Dipartimento di Scienze Giuridiche / Università di Torino | |
| 247 | 1 | 0 | |a Memorie del Dipartimento di Giurisprudenza |f Haupttitel bis 6.2014 |
| 247 | 1 | 0 | |a Memorie del Dipartimento di giurisprudenza dell'Università di Torino |f Haupttitel [7. Serie], 1 (2017)-25 (2024) |
| 264 | 3 | 1 | |a Torino |b G. Giappichelli |c 2024- |
| 264 | 1 | |a Napoli |b Jovene |c 1996-2014 | |
| 264 | 2 | 1 | |a Milano |b Ledizioni |c früher |
| 264 | 2 | 1 | |a Napoli |b Edizioni scientifiche italiane |c früher |
| 336 | |a Text |b txt |2 rdacontent | ||
| 337 | |a ohne Hilfsmittel zu benutzen |b n |2 rdamedia | ||
| 338 | |a Band |b nc |2 rdacarrier | ||
| 362 | 0 | |a 5.Ser. 1.1996 - 59.2011[?] ; 6.Ser. 1.2012 - 6.2014[?] ; [7. Serie], 1 (2017)-25 (2024) ; [8. Serie], 1- | |
| 363 | 0 | 1 | |a 1 |i 1996 |
| 363 | 1 | 0 | |i 2011 |a 59 |
| 500 | |a Herausgeber früher: Università degli studi di Torino. Dipartimento di scienze giuridiche | ||
| 655 | 7 | |a Monografische Reihe |0 (DE-588)4179998-7 |0 (DE-627)104628669 |0 (DE-576)209995106 |2 gnd-content | |
| 710 | 2 | |a Università degli studi di Torino |b Dipartimento di scienze giuridiche |e Herausgebendes Organ |0 (DE-588)5266090-4 |0 (DE-627)238998630 |0 (DE-576)196637619 |4 isb | |
| 710 | 2 | |a Università degli studi di Torino |b Dipartimento di giurisprudenza |e Herausgebendes Organ |0 (DE-588)103221709X |0 (DE-627)738056367 |0 (DE-576)37989842X |4 isb | |
| 780 | 0 | 0 | |i Fortsetzung von |t Memorie del Dipartimento di Scienze Giuridiche / Università di Torino |
| 889 | |w (DE-603)362751161 | ||
| 889 | |w (DE-576)396479332 | ||
| 889 | |w (DE-627)1934660361 | ||
| 935 | |a mteo | ||
| 935 | |i sdedup20221119 | ||
| 951 | |a ST | ||
| ELC | |b 1 | ||
| LOK | |0 000 xxxxxcx a22 zn 4500 | ||
| LOK | |0 001 2714952429 | ||
| LOK | |0 003 DE-627 | ||
| LOK | |0 004 833552139 | ||
| LOK | |0 005 20120605152637 | ||
| LOK | |0 008 120605||||||||||||||||ger||||||| | ||
| LOK | |0 040 |a DE-21 |c DE-627 |d DE-21 | ||
| LOK | |0 852 |a DE-21 | ||
| LOK | |0 852 1 |9 00 | ||
| LOK | |0 939 |a 05-06-12 |b l01 | ||
| LOK | |0 000 xxxxxcx a22 zn 4500 | ||
| LOK | |0 001 2484080263 | ||
| LOK | |0 003 DE-627 | ||
| LOK | |0 004 833552139 | ||
| LOK | |0 005 20021002000000 | ||
| LOK | |0 008 021002||||||||||||||||ger||||||| | ||
| LOK | |0 040 |a DE-21-24 |c DE-627 |d DE-21-24 | ||
| LOK | |0 852 |a DE-21-24 | ||
| LOK | |0 852 1 |m p |9 00 | ||
| LOK | |0 938 |k p | ||
| LOK | |0 939 |a 02-10-02 |b l01 | ||
| LOK | |0 000 xxxxxcx a22 zn 4500 | ||
| LOK | |0 001 2484080344 | ||
| LOK | |0 003 DE-627 | ||
| LOK | |0 004 833552139 | ||
| LOK | |0 005 20010327000000 | ||
| LOK | |0 008 010327||||||||||||||||ger||||||| | ||
| LOK | |0 040 |a DE-Frei85 |c DE-627 |d DE-Frei85 | ||
| LOK | |0 852 |a DE-Frei85 | ||
| LOK | |0 852 1 |m p |9 00 | ||
| LOK | |0 938 |k p | ||
| LOK | |0 939 |a 27-03-01 |b l01 | ||
| ORI | |a SA-MARC-krimdokb001.raw | ||
| SPR | |a 1 |t KRI | ||
